| 000 | 00384nam a2200145 4500 | ||
|---|---|---|---|
| 001 | 109326 | ||
| 003 | ES-MaACL | ||
| 005 | 20230906184825.0 | ||
| 007 | t| | ||
| 008 | 061121s1967 sp r ||||1| spa d | ||
| 245 | 0 | 0 | _aMisioneros del Verbo Divino. |
| 260 |
_aEstella : _bVerbo Divino, _c1967. |
||
| 300 |
_a64 p., 40 lám. : _bil. ; _c28 cm. |
||
| 852 |
_aES-MaACL _jC-32330 _bR.62665 |
||
| 999 |
_c109326 _d109326 |
||